00880nam a2200241 4500003000400000005001700004008004100021020001800062040001800080041000800098050002000106100003000126245011400156264003900270300005300309336002200362337002400384338002400408500007700432650004300509650005000552710003600602OSt20260530113841.0260508b1998 hk a|||| |||| 00| 0 eng d a1 86154 167 8 aICIbspacICI aeng00aGV749bS64 19981 aBayley, Stephen, eeditor14aThe Sneaker Book : un libro de zapatos tenis :b50 years of sports shoe design /c[edited by] Stephen Bayley 1aLondon :bBooth-Clibborn Editions, a1 volume (unpaged) :billustrations (some color) atexto2rdacontent asin medio2rdamedia avolumen2rdacarrier aPublicado originalmente en asociación con el Design Museum de Londres. 4aCalzado deportivoxDiseñoySiglo XX. 4aCalzado deportivoCalzado deportivoxHistoria.2 aDesign Museum (London, England)